00922 a2200205 4500003000400000005001700004008004100021020001800062040000900080082001900089245012800108264005400236300004400290504003800334650004900372942001500421999001900436952012800455952013300583OSt20230323094755.0220727b2020 uk ad||f |||| 001 0 eng d a9780128178928 cCHAP00a632.1bP95222 aPriming-mediated stress and cross-stress tolerance in crop plants /ceditado por Hossain, Mohammad, Liu Fulai ...[y otros]. aEstados Unidos, United Kingdom:bElsevier,c2020. a340páginasbilustraciones, gráficas aIncluye índice y bibliografía 29125369aCultivos, efecto del estrés en los 2ddccLIBRO c217363d217363 00102ddc4051708GRALaBCbBCcPP_GRALd2023-03-22l0o632.1 P95p33724002565678r2023-03-22 00:00:00w2023-03-22yLIBRO 00102ddc4052708GRALaBCbBCcPP_GRALd2023-03-22l0o632.1 P95p33724002565637r2023-03-22 00:00:00tc.2w2023-03-22yLIBRO